Green Day Songs to Albums. - Statistics

General Stats
  • This quiz has been taken 95 times
  • The average score is 31 of 47
Answer Stats
Hint Answer % Correct
Jesus of Suburbia American Idiot
90%
Wake me up when September Ends American Idiot
87%
She Dookie
84%
Bobby Sox Saviors
84%
Brain Stew Insomniac
83%
Give Me Novacaine American Idiot
81%
Nice Guys Finish Last Nimrod
81%
Green Day 1,039/Smoothed Out Slappy Hours
79%
Homecoming American Idiot
79%
Basket Case Dookie
79%
Pulling Teeth Dookie
79%
21 Guns 21st Century Breakdown
78%
Chump Dookie
78%
Good Riddance (Time of your Life) Nimrod
78%
Hitchin' a Ride Nimrod
78%
Waiting Warning
76%
Know Your Enemy 21st Century Breakdown
75%
East Jesus Nowhere 21st Century Breakdown
71%
Last Night on Earth 21st Century Breakdown
71%
The American Dream is Killing Me Saviors
71%
Dilemma Saviors
70%
Church On Sunday Warning
68%
2000 Light Years Away Kerplunk
67%
Jaded Insomniac
65%
Bang Bang Revolution Radio
65%
Kill the DJ ¡Uno!
65%
Redundant Nimrod
62%
The Judge’s Daughter 1,039/Smoothed Out Slappy Hours
60%
Stray Heart ¡Dos!
60%
Going to Pasalacqua 1,039/Smoothed Out Slappy Hours
59%
Too Dumb to Die Revolution Radio
59%
X-Kid ¡Tré!
59%
Oh Love ¡Uno!
59%
Misery Warning
59%
Armatage Shanks Insomniac
57%
Nuclear Family ¡Uno!
56%
Brat Insomniac
54%
One for the Razorbackas Kerplunk
54%
Wow! That's Loud ¡Dos!
52%
Outlaws Revolution Radio
49%
Suffocate Shenanigans
49%
Who Wrote Holden Caulfield? Kerplunk
46%
You Lied Shenanigans
41%
Amanda ¡Tré!
41%
Baby Eyes ¡Dos!
40%
Rotting Shenanigans
40%
Missing You ¡Tré!
33%
No matching quizzes found
Score Distribution
Percent of People with Each Score
Percentile by Number Answered
Your Score History
You have not taken this quiz